| 000 | 00678nam a2200217Ii 4500 | ||
|---|---|---|---|
| 003 | JO-AjNU | ||
| 008 | 230605s9999||||xx |||||||||||||| ||und|| | ||
| 017 | _a2001/10/2059 | ||
| 040 |
_aJO-AjNU _bara _erda _cJO-AjNU |
||
| 041 | _aara | ||
| 050 | 1 | 4 | _aPJ8062.J8538 2002 |
| 100 | 3 |
_aجمعة، حسين, _eauthor _945415 |
|
| 245 | 0 | 0 | _aالقوس والوتر |
| 264 | 3 | 1 | _aعمان:وزارة الثقافة،2001 |
| 300 | _a172ص | ||
| 336 |
_atext _btxt _2rdacontent |
||
| 337 |
_aunmediated _bn _2rdamedia |
||
| 338 |
_avolume _bnc _2rdacarrier |
||
| 490 | 0 | _aسلسلة كتاب الشهر 22 | |
| 650 | 4 |
_aالأدب العربي - قصص - تحليل ونقد _945416 |
|
| 999 |
_aA19684 _c23252 _d23252 |
||